000 00409nam a2200181Ia 4500
001 2102
005 20260306143817.0
008 260306t2016||||xx |||||||||||||| ||spa||
041 _aESP
082 _a612.8
_bP687
100 _aPurves, Dale
_eAUT
245 0 _aNeurociencia
260 _c2016
300 _avarias paginaciones : :
_c28 cm.
650 _aGEN
654 _aCPS
942 _cLIB
_dJUS
_fJUS
_2ddc
_n
999 _c2102
_d2102